Paul Ladewig papers, (Record no. 43923)
[ view plain ]
| 000 -LEADER | |
|---|---|
| fixed length control field | 00885cpcaa22002537a 4500 |
| 001 - CONTROL NUMBER | |
| control field | mm 83005108 |
| 003 - CONTROL NUMBER IDENTIFIER | |
| control field | DLC |
| 005 - DATE AND TIME OF LATEST TRANSACTION | |
| control field | 20260227111719.0 |
| 008 - FIXED-LENGTH DATA ELEMENTS--GENERAL INFORMATION | |
| fixed length control field | 830831|||||||||||| ger |
| 010 ## - LIBRARY OF CONGRESS CONTROL NUMBER | |
| LC control number | mm 83005108 |
| 040 ## - CATALOGING SOURCE | |
| Original cataloging agency | DLC |
| Transcribing agency | DLC |
| Description conventions | dacs |
| Modifying agency | DLC |
| 072 #7 - SUBJECT CATEGORY CODE | |
| Subject category code | L |
| Source | lcmd |
| 100 1# - MAIN ENTRY--PERSONAL NAME | |
| Personal name | Ladewig, Paul, |
| Dates associated with a name | 1858-1940. |
| 245 00 - TITLE STATEMENT | |
| Title | Paul Ladewig papers, |
| Inclusive dates | 1895-1936. |
| 300 ## - PHYSICAL DESCRIPTION | |
| Extent | 76 |
| Type of unit | items. |
| 506 0# - RESTRICTIONS ON ACCESS NOTE | |
| Terms governing access | Open to research. |
| 520 8# - SUMMARY, ETC. | |
| Summary, etc. | Newspaper articles written by Paul Ladewig published in German newspapers and card catalog of his works. |
| 545 0# - BIOGRAPHICAL OR HISTORICAL DATA | |
| Biographical or historical data | Author. |
| 546 ## - LANGUAGE NOTE | |
| Language note | Collection material in German. |
| 580 ## - LINKING ENTRY COMPLEXITY NOTE | |
| Linking entry complexity note | Forms part of: Miscellaneous Manuscripts collection. |
| 656 #7 - INDEX TERM--OCCUPATION | |
| Occupation | Authors. |
| Source of term | itoamc |
No items available.